La France des révolutions : dates - Statistiques

Statistiques générales
  • Ce quiz a été pris 43 fois
  • Le résultat moyen est 4 sur 41
Statistiques - réponses
Hint Réponse % Correct
Victoire de Valmy 1792
93%
Conquête d’Alger 1830
33%
Première République (Convention, Directoire) 1792–1804
26%
Code civil (mariage, divorce, propriété, contrat, etc.) 1804
26%
La Terreur 1793–1794
22%
Prise de la Bastille 1789
15%
Franc germinal (nouvelle monnaie lancée par Napoléon Bonaparte) 1803
15%
Coup d’État du 18 Brumaire (fin de la Révolution, début du Consulat) 1799
11%
Premier Empire (Napoléon Ier) 1804–1815
11%
Victoire d’Austerlitz 1805
11%
Loi Guizot (écoles primaires, prémices des lois Ferry) 1833
11%
Seconde République 1848–1852
11%
Second Empire (Napoléon III) 1852–1870
11%
Réunion de la Savoie et du comté de Nice à la France 1860
11%
Guerre franco-prussienne (défaite du Second Empire) 1870–1871
11%
Création des préfets et fondation de la Banque de France 1800
7%
Coup d’État du 2 décembre (Louis-Napoléon Bonaparte) 1851
7%
Commune de Paris 1871
7%
Crise du 16 mai (Mac Mahon vs Républicains) 1877
7%
Abolition des privilèges 4 août 1789
7%
Déclaration des droits de l’homme et du citoyen (DDHC) août 1789
7%
Révolution française (Monarchie jusqu’en 1792) 1789–1799
4%
Loi Le Chapelier (interdiction des regroupements professionnels, grève) 1791
4%
Suppression totale des droits féodaux 1793
4%
Consulat (Napoléon Bonaparte) 1799–1804
4%
Signature du Concordat (relations État–Église) 1801
4%
Restauration (Louis XVIII, Charles X) 1814–1830
4%
Monarchie de Juillet (Louis-Philippe) 1830–1848
4%
Loi Falloux (écoles primaires dans les communes, liberté d’enseignement) 1850
4%
Accord de libre-échange franco-britannique 1860
4%
Troisième République 1870–1940
4%
Jules Grévy devient président de la République 1879
4%
Exécution de Louis XVI janvier 1793
4%
Défaite de Waterloo juin 1815
4%
Charte constitutionnelle (royaume de France) 1814
0%
Première croissance industrielle en France 1840–1860
0%
Création des Sociétés à responsabilité limitée 1863
0%
Création des Sociétés anonymes 1867
0%
Autorisation du droit de grève mai 1864
0%
Fondation de la Société Générale mai 1864
0%
Les Cent-Jours (retour de Napoléon) mars-juillet 1815
0%
Aucun quiz correspondant
Distribution des résultats
% des personnes avec chaque résultat
Percentile par nombre de réponses
Votre historique - résultats
Vous n’avez pas pris ce quiz